Statické riešenie monolitického stropu administratívnej budovy

Salvato in:
Dettagli Bibliografici
Autore principale: Lukáč, Dávid (Autore)
Altri autori: Bilčík, Juraj (Relatore della tesi)
Natura: Manoscritto Libro
Lingua:slovacco
Pubblicazione: 2017
Soggetti:
Accesso online:http://is.stuba.sk/zp/portal_zp.pl?podrobnosti=108445
https://opac.crzp.sk/?fn=detailBiblioForm&sid=3D579E6F99510E20DABB42D0A384
Tags: Aggiungi Tag
Nessun Tag, puoi essere il primo ad aggiungerne!!

MARC

LEADER 00000ntm a22000003a 4500
001 stuzp56830
003 SK-STU
005 20230816090613.0
007 ta
008 150427s2015----xo-----f-mn---000-0-slo-d
040 |a STU  |b slo 
041 0 |a slo 
100 1 |a Lukáč, Dávid  |u 010110  |4 aut  |U SvF Stavebná fakulta  |T SvF Katedra betónových konštrukcií a mostov  |X 63099  |U V110  |Y 11  |7 63099 
242 0 1 |a Static solution monolithic ceiling of office building  |y eng 
245 1 0 |a Statické riešenie monolitického stropu administratívnej budovy 
260 |c 2017 
650 4 |a bezprievlaková doska  |2 slo 
650 4 |a železobetónová doska  |2 slo 
650 4 |a medzný stav únosnosti  |2 slo 
650 4 |a flat slab  |2 eng 
650 4 |a reinforced concrete slab  |2 eng 
650 4 |a ultimate limit state  |2 eng 
700 1 |a Bilčík, Juraj  |u 010110  |k Z1  |4 ths  |U SvF Stavebná fakulta  |T SvF Katedra betónových konštrukcií a mostov  |X 998  |U V110  |Y 11  |7 A000000998 
856 4 |u http://is.stuba.sk/zp/portal_zp.pl?podrobnosti=108445 
856 4 |u https://opac.crzp.sk/?fn=detailBiblioForm&sid=3D579E6F99510E20DABB42D0A384